[Event "World Blitz"]
[Site "Rishon Le Zion ISR"]
[Date "2006.09.07"]
[Round "1"]
[White "Erenburg,S"]
[Black "Bacrot,E"]
[Result "0-1"]
[WhiteElo "2585"]
[BlackElo "2707"]
[EventDate "2006.09.07"]

1. e4 e5 2. Nf3 Nc6 3. Bb5 Nf6 4. d3 Bc5 5. Nc3 d6 6. Na4 Bb6 7. Nxb6 axb6
8. c3 O-O 9. Ba4 Ne7 10. Bc2 Ng6 11. O-O Qe7 12. Re1 Nh5 13. Nxe5 dxe5 14.
Qxh5 Be6 15. a3 c5 16. Be3 Rad8 17. Rad1 f5 18. exf5 Bxf5 19. Qe2 Qh4 20.
f3 Kh8 21. Qf2 Qf6 22. Rd2 Rd6 23. b4 cxb4 24. axb4 Rc8 25. d4 Bxc2 26.
Rxc2 Qf5 27. Rcc1 h6 28. Qg3 Rdc6 29. dxe5 Nxe5 30. Bd4 Ng6 31. Re7 Rg8 32.
Rxb7 Re6 33. Re1 Rxe1+ 34. Qxe1 Nf4 35. Qe5 Qb1+ 36. Kf2 Nd3+ 37. Kg3 Nxe5
38. Bxe5 Qe1+ 39. Kf4 Qd2+ 40. Kf5 Qxg2 41. Rxb6 Qxf3+ 42. Kg6 Qe4+ 0-1

[Event "World Blitz"]
[Site "Rishon Le Zion ISR"]
[Date "2006.09.07"]
[Round "1"]
[White "Gelfand,B"]
[Black "Gagunashvili,M"]
[Result "1/2-1/2"]
[WhiteElo "2729"]
[BlackElo "2591"]
[EventDate "2006.09.07"]

1. d4 d5 2. c4 c6 3. Nf3 Nf6 4. Qb3 dxc4 5. Qxc4 Bg4 6. Nc3 Nbd7 7. e4 Bxf3
8. gxf3 e6 9. Be3 Be7 10. Qb3 Qb6 11. O-O-O Qxb3 12. axb3 O-O 13. f4 a6 14.
Bh3 Rfe8 15. e5 Nd5 16. Nxd5 cxd5 17. f5 Nf8 18. f4 exf5 19. Bxf5 g6 20.
Bd3 f5 21. Kd2 Ne6 22. Ke2 Kf7 23. Kf3 Rac8 24. Rc1 Bb4 25. Rxc8 Rxc8 26.
Ra1 Rc7 27. Bf2 Rc8 28. Be3 Rc7 29. Bf2 Rc8 1/2-1/2

[Event "World Blitz"]
[Site "Rishon Le Zion ISR"]
[Date "2006.09.07"]
[Round "1"]
[White "Roiz,M"]
[Black "Zoler,D"]
[Result "0-1"]
[WhiteElo "2611"]
[BlackElo "2455"]
[EventDate "2006.09.07"]

1. d4 Nf6 2. c4 e6 3. Nf3 d5 4. g3 Bb4+ 5. Bd2 Be7 6. Bg2 O-O 7. O-O c6 8.
Bf4 Nbd7 9. Nc3 Ne4 10. Nxe4 dxe4 11. Ne5 f5 12. f3 Nxe5 13. Bxe5 exf3 14.
exf3 c5 15. f4 Qb6 16. Qb3 cxd4 17. Qxb6 axb6 18. Bxd4 Bc5 19. Rfd1 Kf7 20.
Kf1 Rd8 21. Bxc5 Rxd1+ 22. Rxd1 bxc5 23. Rd8 Ke7 24. Rg8 g6 25. a3 Kd7 26.
Rg7+ Kd6 27. Rg8 Kc7 28. Ke1 Ra4 29. Rg7+ Kd6 30. Bf1 e5 31. fxe5+ Kxe5 32.
Rxh7 Be6 33. Rxb7 g5 34. Kd2 f4 35. gxf4+ gxf4 36. h4 Ra8 37. Re7 Rd8+ 38.
Ke1 Kd6 39. Rb7 Ke5 40. Re7 Kd6 41. Rb7 Ke5 42. b4 cxb4 43. axb4 f3 44. Re7
Kf6 45. Rg7 Kxg7 46. Kf2 Rc8 47. c5 Bd7 48. Kxf3 Rb8 49. Ke4 Rxb4+ 50. Kd5
Rxh4 51. c6 Bc8 52. Kd6 Kf6 53. Bb5 Rd4+ 54. Kc5 Rd1 55. Kb6 Ke7 56. Kc7
Bf5 57. Be2 Rc1 58. Bf3 Rc3 59. Bd5 Be6 60. Be4 Bb3 61. Bg2 Ba4 62. Bd5 Bb3
63. Bg2 Rc1 64. Be4 Rc5 65. Kb6 Kd6 0-1

[Event "World Blitz"]
[Site "Rishon Le Zion ISR"]
[Date "2006.09.07"]
[Round "2"]
[White "Bacrot,E"]
[Black "Roiz,M"]
[Result "0-1"]
[WhiteElo "2707"]
[BlackElo "2611"]
[EventDate "2006.09.07"]

1. d4 Nf6 2. c4 e6 3. Nf3 d5 4. Nc3 Be7 5. Bg5 h6 6. Bh4 O-O 7. e3 Ne4 8.
Bxe7 Qxe7 9. Rc1 Nxc3 10. Rxc3 c6 11. Be2 dxc4 12. Rxc4 Nd7 13. O-O e5 14.
Qc2 exd4 15. Rxd4 Nf6 16. Rfd1 Be6 17. b4 Rfd8 18. a3 Rxd4 19. Rxd4 a5 20.
Qb2 axb4 21. Rxb4 b5 22. e4 Qa7 23. e5 Nd5 24. Rb3 Nf4 25. Re3 Bd5 26. Bf1
Qe7 27. Nd4 Qg5 28. g3 Ne6 29. Ne2 Qe7 30. Nc3 Nc7 31. Nxd5 Nxd5 32. Rd3
Re8 33. f4 Ra8 34. Bg2 Qc5+ 35. Kh1 Qc4 36. Qd2 b4 37. Bxd5 cxd5 38. axb4
Qe4+ 39. Kg1 Ra1+ 40. Kf2 Rh1 41. Qe3 Rxh2+ 42. Kf1 Qg2+ 43. Ke1 Qh1+ 0-1

[Event "World Blitz"]
[Site "Rishon Le Zion ISR"]
[Date "2006.09.07"]
[Round "2"]
[White "Gagunashvili,M"]
[Black "Zoler,D"]
[Result "1-0"]
[WhiteElo "2591"]
[BlackElo "2455"]
[EventDate "2006.09.07"]

1. d4 Nf6 2. c4 e6 3. Nc3 Bb4 4. Qc2 O-O 5. Bg5 h6 6. Bh4 d6 7. e3 Nbd7 8.
Bd3 b6 9. Nge2 Bb7 10. O-O Bxc3 11. Nxc3 Qe7 12. Rad1 e5 13. d5 a5 14. Be2
Nc5 15. b3 g5 16. Bg3 Kg7 17. a3 Ng8 18. b4 axb4 19. axb4 Nd7 20. f4 exf4
21. exf4 Rfe8 22. fxg5 hxg5 23. Kh1 Ne5 24. Nb5 Qd7 25. Nd4 Nh6 26. Rf2 Qa4
27. Nf5+ Nxf5 28. Qxf5 Re7 29. Bxe5+ Rxe5 30. Qxf7+ Kh8 31. Rdf1 Qc2 32.
Qh5+ Qh7 33. Rf8+ 1-0

[Event "World Blitz"]
[Site "Rishon Le Zion ISR"]
[Date "2006.09.07"]
[Round "2"]
[White "Gelfand,B"]
[Black "Gurevich,D"]
[Result "1-0"]
[WhiteElo "2729"]
[BlackElo "2507"]
[EventDate "2006.09.07"]

1. d4 Nf6 2. c4 a6 3. Nc3 c5 4. dxc5 Qa5 5. Be3 Ne4 6. Qa4 Qxa4 7. Nxa4 Nc6
8. f3 Nf6 9. Bf2 e6 10. e4 d6 11. cxd6 Bxd6 12. c5 Be5 13. O-O-O Bd7 14.
Nb6 Rd8 15. Ne2 Na7 16. Nc4 Bc7 17. Nc3 Nb5 18. Nxb5 Bxb5 19. Rxd8+ Kxd8
20. Be2 Nd7 21. b4 Ke7 22. Rd1 h5 23. h4 Ne5 24. Nxe5 Bxe5 25. Bxb5 axb5
26. Kc2 g6 27. Bd4 Bxd4 28. Rxd4 b6 29. cxb6 Rb8 30. Kb3 Rxb6 31. a4 bxa4+
32. Kxa4 Ra6+ 33. Kb3 Rb6 34. Rd2 f5 35. Kc4 fxe4 36. fxe4 Rc6+ 37. Kb5 Rc3
38. Kb6 Rc4 39. b5 Rxe4 40. Ra2 Rxh4 41. Ka7 Kd6 42. b6 Rb4 43. b7 h4 44.
b8=Q+ Rxb8 45. Kxb8 g5 46. Ra4 Ke5 47. Kc7 Kf5 48. Kd6 g4 49. Rb4 Kg5 50.
Ke5 h3 51. g3 1-0

[Event "World Blitz"]
[Site "Rishon Le Zion ISR"]
[Date "2006.09.07"]
[Round "2"]
[White "Livshits,G"]
[Black "Erenburg,S"]
[Result "0-1"]
[WhiteElo "2406"]
[BlackElo "2585"]
[EventDate "2006.09.07"]

1. b3 d5 2. Bb2 c6 3. g3 Bg4 4. Bg2 Nd7 5. h3 Bh5 6. Nf3 e6 7. O-O Ngf6 8.
d3 Bd6 9. Nbd2 O-O 10. e4 dxe4 11. dxe4 Be5 12. Bxe5 Nxe5 13. Qe1 Nxf3+ 14.
Nxf3 Qb6 15. Kh2 Rfd8 16. Ne5 Qc5 17. f4 Bg6 18. Qe2 Rd4 19. Nxg6 hxg6 20.
Rad1 Rad8 21. Rd3 Rxd3 22. cxd3 Qd4 23. Rd1 e5 24. fxe5 Qxe5 25. d4 Rxd4
26. Rxd4 Qxd4 27. e5 Nd5 28. e6 fxe6 29. Qxe6+ Kh7 30. h4 Nf6 31. Qe2 Ng4+
32. Kh3 Ne5 33. Be4 Qd7+ 34. g4 Kh8 35. Bc2 Qd4 36. h5 gxh5 37. gxh5 Qf4
38. Qg2 Kg8 39. a3 Kf8 40. b4 Qf3+ 41. Qxf3+ Nxf3 42. Kg4 Nd4 43. Bd3 Kf7
44. Kf4 Kf6 45. Be4 Nb5 46. a4 Nc3 47. b5 Nxe4 48. Kxe4 cxb5 49. axb5 a5
50. b6 Kg5 51. Kd5 a4 52. Kc4 Kxh5 53. Kb4 g5 54. Kxa4 g4 0-1

[Event "World Blitz"]
[Site "Rishon Le Zion ISR"]
[Date "2006.09.07"]
[Round "3"]
[White "Roiz,M"]
[Black "Livshits,G"]
[Result "1-0"]
[WhiteElo "2611"]
[BlackElo "2406"]
[EventDate "2006.09.07"]

1. e4 c5 2. Nf3 g6 3. c4 Bg7 4. d4 Qb6 5. dxc5 Qxc5 6. Be2 d6 7. O-O Nf6 8.
Nc3 O-O 9. h3 a6 10. Be3 Qc6 11. Nd5 Nxd5 12. exd5 Qc7 13. Bd4 Nd7 14. Bxg7
Kxg7 15. Re1 Nf6 16. Bf1 e5 17. dxe6 Bxe6 18. b3 Qc5 19. Qd2 Kg8 20. Rad1
Rad8 21. b4 Qc7 22. Qd4 Nh5 23. Ng5 Ng7 24. Qh4 h5 25. Ne4 Nf5 26. Qf4 Qe7
27. g3 Kg7 28. Ng5 Qf6 29. Bg2 b6 30. Ne4 Qe5 31. Qc1 Kh8 32. Nxd6 Qf6 33.
Ne4 Rxd1 34. Rxd1 Qe5 35. c5 Nd4 36. Qh6+ Kg8 37. f4 Ne2+ 38. Kf2 Qb2 39.
Rd2 Qa1 40. Rxe2 bxc5 41. bxc5 Bc4 42. Rd2 Re8 43. Qg5 Rxe4 44. Bxe4 Qf1+
45. Ke3 Qe1+ 46. Kd4 Qxd2+ 1-0

[Event "World Blitz"]
[Site "Rishon Le Zion ISR"]
[Date "2006.09.07"]
[Round "3"]
[White "Svidler,P"]
[Black "Gelfand,B"]
[Result "1-0"]
[WhiteElo "2742"]
[BlackElo "2729"]
[EventDate "2006.09.07"]

1. e4 e6 2. d4 d5 3. e5 c5 4. c3 Qb6 5. Nf3 Bd7 6. Be2 cxd4 7. cxd4 Bb5 8.
Nc3 Bxe2 9. Nxe2 Ne7 10. O-O Nec6 11. Rb1 a5 12. Nf4 Nd7 13. Be3 Be7 14.
Nd2 a4 15. h4 Nxd4 16. Qg4 Bc5 17. Qxg7 O-O-O 18. b4 Ne2+ 19. Nxe2 Bxe3 20.
Nf3 Rdg8 21. Qxf7 Rg6 22. h5 Rf8 23. hxg6 Rxf7 24. gxf7 Bh6 25. Ned4 Nxe5
26. Nxe5 Qxd4 27. Rfe1 Kd8 28. g3 Ke7 29. Kg2 Bg7 30. Nf3 Qg4 31. Rbc1 Kxf7
32. Rc7+ Kf8 33. Rxb7 Bc3 34. Rh1 Bf6 35. Rhxh7 Kg8 36. Rhc7 1-0

[Event "World Blitz"]
[Site "Rishon Le Zion ISR"]
[Date "2006.09.07"]
[Round "3"]
[White "Zoler,D"]
[Black "Bacrot,E"]
[Result "1-0"]
[WhiteElo "2455"]
[BlackElo "2707"]
[EventDate "2006.09.07"]

1. d4 b6 2. e4 Bb7 3. Bd3 Nc6 4. c3 e5 5. d5 Nce7 6. c4 Ng6 7. g3 c6 8. h4
Nf6 9. h5 Bb4+ 10. Kf1 Ne7 11. h6 gxh6 12. Bxh6 Rg8 13. Qf3 Rg6 14. a3 Bc5
15. Rh4 b5 16. Nd2 Bd4 17. d6 Nc8 18. Ne2 Bxb2 19. Ra2 Qa5 20. Rxb2 Qxa3
21. Rb3 Qxd6 22. cxb5 Nb6 23. Be3 Rc8 24. Bxb6 axb6 25. Nc4 Qe6 26. Qf5 Ke7
27. Qxe6+ Kxe6 28. Nxb6 Rc7 29. Nc4 cxb5 30. Rxb5 d6 31. Rb6 Bc6 32. f4 Rg4
33. fxe5 Rxh4 34. gxh4 Ne8 35. Nd4+ Kd7 36. Rxc6 Rxc6 37. Nxc6 Kxc6 38.
Nxd6 Nxd6 39. exd6 Kxd6 40. Ke2 Ke5 41. Ke3 h5 42. Bc2 f6 43. Bd3 Ke6 44.
Kf4 Kf7 45. Kf5 Kg7 46. Bc4 Kh7 47. Kxf6 Kh6 48. e5 1-0

[Event "World Blitz"]
[Site "Rishon Le Zion ISR"]
[Date "2006.09.07"]
[Round "4"]
[White "Sutovsky,E"]
[Black "Erenburg,S"]
[Result "0-1"]
[WhiteElo "2607"]
[BlackElo "2585"]
[EventDate "2006.09.07"]

1. e4 c6 2. d4 d5 3. e5 Bf5 4. Nc3 e6 5. g4 Bg6 6. Nge2 f6 7. Bg2 fxe5 8.
dxe5 Nd7 9. O-O Bc5 10. Nd4 Bxd4 11. Qxd4 Ne7 12. Bg5 h6 13. Bh4 Qb6 14.
Ne2 c5 15. Qe3 Nc6 16. f4 O-O 17. f5 exf5 18. Bxd5+ Kh8 19. e6 Nf6 20. Bxf6
Rxf6 21. Ng3 Ne7 22. c4 Raf8 23. gxf5 Bxf5 24. Nh5 Rg6+ 25. Kh1 Qxb2 26.
Qxc5 Nxd5 27. Qxd5 Qc2 28. Rxf5 Rxf5 29. Qxb7 Rxh5 30. e7 Qxh2+ 0-1

[Event "World Blitz"]
[Site "Rishon Le Zion ISR"]
[Date "2006.09.07"]
[Round "5"]
[White "Bacrot,E"]
[Black "Livshits,G"]
[Result "1-0"]
[WhiteElo "2707"]
[BlackElo "2406"]
[EventDate "2006.09.07"]

1. Nf3 Nf6 2. d4 g6 3. Nc3 d5 4. Bf4 Bg7 5. e3 O-O 6. Be2 c5 7. O-O Nc6 8.
dxc5 Bf5 9. Nd4 Bd7 10. Nxc6 bxc6 11. Be5 Qa5 12. Qd4 Rab8 13. a3 Ne8 14.
b4 Qd8 15. e4 Bxe5 16. Qxe5 f6 17. Qg3 d4 18. Bc4+ Kh8 19. Ne2 e5 20. f4
exf4 21. Nxf4 Qe7 22. Nxg6+ hxg6 23. Qxb8 Qxe4 24. Qf4 Qxf4 25. Rxf4 Bf5
26. Re1 Ng7 27. Rh4+ 1-0

[Event "World Blitz"]
[Site "Rishon Le Zion ISR"]
[Date "2006.09.07"]
[Round "6"]
[White "Anand,V"]
[Black "Erenburg,S"]
[Result "1-0"]
[WhiteElo "2779"]
[BlackElo "2585"]
[EventDate "2006.09.07"]

1. d4 d5 2. c4 c6 3. Nf3 Nf6 4. Nc3 e6 5. Bg5 h6 6. Bh4 dxc4 7. e4 g5 8.
Bg3 b5 9. Be2 Bb7 10. Ne5 h5 11. h3 Nbd7 12. O-O g4 13. hxg4 hxg4 14. Nxg4
b4 15. Nxf6+ Nxf6 16. e5 bxc3 17. exf6 cxb2 18. Rb1 Qxf6 19. Be5 Qh6 20.
Bxh8 Qxh8 21. Rxb2 O-O-O 22. Qb1 Bd6 23. g3 Ba6 24. Qe4 Ba3 25. Qxc6+ 1-0

[Event "World Blitz"]
[Site "Rishon Le Zion ISR"]
[Date "2006.09.07"]
[Round "6"]
[White "Gagunashvili,M"]
[Black "Livshits,G"]
[Result "1/2-1/2"]
[WhiteElo "2591"]
[BlackElo "2406"]
[EventDate "2006.09.07"]

1. d4 Nf6 2. c4 g6 3. Nf3 Bg7 4. g3 O-O 5. Bg2 d6 6. O-O Nc6 7. Nc3 e5 8.
e3 Bf5 9. b3 exd4 10. exd4 Ne4 11. Nd5 Bg4 12. Bb2 Ng5 13. Qd3 Nxf3+ 14.
Bxf3 Bxf3 15. Qxf3 Nxd4 16. Qd3 c5 17. Rfe1 Qg5 18. h4 Qg4 19. Kg2 Rae8 20.
Ne7+ Kh8 21. Re4 Qd7 22. Rae1 f5 23. R4e3 f4 24. gxf4 Qg4+ 25. Rg3 Qxf4 26.
Qe3 Qxe3 27. Rgxe3 Nc2 28. Nxg6+ hxg6 29. Bxg7+ Kxg7 30. Rxe8 Nxe1+ 31.
Rxe1 Kf6 32. Kg3 Rh8 33. Kg4 Rh5 34. Re8 b6 35. Rf8+ Ke6 36. Re8+ Kf6 37.
Ra8 d5 38. cxd5 1/2-1/2

[Event "World Blitz"]
[Site "Rishon Le Zion ISR"]
[Date "2006.09.07"]
[Round "6"]
[White "Sutovsky,E"]
[Black "Zoler,D"]
[Result "1-0"]
[WhiteElo "2607"]
[BlackElo "2455"]
[EventDate "2006.09.07"]

1. e4 Nf6 2. e5 Nd5 3. d4 d6 4. Nf3 Bg4 5. Be2 e6 6. O-O Be7 7. c4 Nb6 8.
Nc3 O-O 9. Be3 dxe5 10. Nxe5 Bxe2 11. Qxe2 N8d7 12. Rfd1 c6 13. Ne4 Nf6 14.
Nc5 Qc8 15. Bg5 Bd8 16. Qf3 Nfd7 17. Bxd8 Nxe5 18. dxe5 Rxd8 19. Rxd8+ Qxd8
20. Nxb7 Qd2 21. Nd6 Rf8 22. Qc3 Qxc3 23. bxc3 Na4 24. Rb1 Nxc3 25. Rb7
Nxa2 26. Rxa7 Nb4 27. f4 f6 28. exf6 gxf6 29. Re7 Nd3 30. g3 e5 31. f5 c5
32. Ne4 Rf7 33. Re6 Kg7 34. Rc6 Ra7 35. Kg2 Ra2+ 36. Kf3 Ne1+ 37. Kg4 Rxh2
38. Rc7+ Kf8 39. Nxf6 Rh1 40. Nxh7+ Ke8 41. f6 e4 42. f7+ Kd8 43. Ra7 Rf1
44. f8=Q+ Rxf8 45. Nxf8 e3 46. Ne6+ Kc8 47. Nf4 Nc2 48. Kf3 Nd4+ 49. Kxe3
1-0

[Event "World Blitz"]
[Site "Rishon Le Zion ISR"]
[Date "2006.09.07"]
[Round "7"]
[White "Bacrot,E"]
[Black "Sutovsky,E"]
[Result "1-0"]
[WhiteElo "2707"]
[BlackElo "2607"]
[EventDate "2006.09.07"]

1. d4 Nf6 2. g3 d5 3. Bg2 c6 4. Nf3 Bf5 5. O-O e6 6. c4 Nbd7 7. Nc3 Ne4 8.
Nh4 Nxc3 9. bxc3 Bg4 10. Rb1 Qc8 11. h3 Bh5 12. g4 Bg6 13. Nxg6 hxg6 14.
cxd5 cxd5 15. Qa4 Bd6 16. c4 Qxc4 17. Qxc4 dxc4 18. Rxb7 Ke7 19. Bc6 Rhd8
20. Rxd7+ Rxd7 21. Bxa8 c3 22. Be4 Rc7 23. Bc2 Rc4 24. e3 f5 25. Rd1 Kf6
26. Kf1 Rc6 27. Ke2 Ra6 28. Bb3 Bb4 29. Rg1 Rc6 30. Kd3 a5 31. Bc2 Rc8 32.
h4 Rh8 33. gxf5 gxf5 34. Rh1 Rc8 35. h5 Be7 36. h6 g5 37. h7 Kg7 38. h8=Q+
Rxh8 39. Rxh8 Kxh8 40. Kxc3 g4 41. Kd3 Kg7 42. Bd2 1-0

[Event "World Blitz"]
[Site "Rishon Le Zion ISR"]
[Date "2006.09.07"]
[Round "7"]
[White "Roiz,M"]
[Black "Anand,V"]
[Result "1/2-1/2"]
[WhiteElo "2611"]
[BlackElo "2779"]
[EventDate "2006.09.07"]

1. Nf3 Nf6 2. g3 d5 3. Bg2 c6 4. O-O Bf5 5. d3 h6 6. c4 dxc4 7. dxc4 Qxd1
8. Rxd1 Nbd7 9. Nc3 e5 10. Nd2 Bc2 11. Rf1 Bb4 12. Nde4 Nxe4 13. Nxe4 a5
14. Be3 Bxe4 15. Bxe4 Bc5 16. Bd2 Ke7 17. Rfd1 Rhd8 18. Kf1 Nb6 19. b3 Nd7
20. Bc3 Ba3 21. Bf5 f6 22. e3 Nc5 23. Ke2 Rxd1 24. Rxd1 Bb4 25. Bb2 Ne6 26.
a3 Bd6 27. Ra1 Nc5 28. Bc2 g5 29. Bc3 Ne6 30. Bb2 Bc5 31. Bc3 Bd6 32. Ra2
Nc5 33. Ra1 Ne6 34. Bf5 1/2-1/2

[Event "World Blitz"]
[Site "Rishon Le Zion ISR"]
[Date "2006.09.07"]
[Round "8"]
[White "Anand,V"]
[Black "Zoler,D"]
[Result "1-0"]
[WhiteElo "2779"]
[BlackElo "2455"]
[EventDate "2006.09.07"]

1. e4 e5 2. Nf3 Nc6 3. Bb5 a6 4. Ba4 Nf6 5. d3 b5 6. Bb3 Be7 7. O-O O-O 8.
a4 Bb7 9. Nbd2 d6 10. Re1 Re8 11. Nf1 Bf8 12. Bg5 h6 13. Bh4 Na5 14. Ba2 c5
15. Ne3 b4 16. Nd2 Bc8 17. Qf3 Be6 18. Bxf6 Qxf6 19. Qxf6 gxf6 20. Bd5 Rab8
21. h4 h5 22. Ndf1 Kh7 23. Nf5 Rb6 24. Re3 Bh6 25. Rf3 Bf4 26. N1g3 Kg6 27.
Nxh5 Kxh5 28. Ng7+ Kg6 29. Nxe8 Bg4 30. h5+ Bxh5 31. Rh3 Bg4 32. Rh8 Bg5
33. Rg8+ Kh7 34. Rxg5 1-0

[Event "World Blitz"]
[Site "Rishon Le Zion ISR"]
[Date "2006.09.07"]
[Round "9"]
[White "Erenburg,S"]
[Black "Svidler,P"]
[Result "0-1"]
[WhiteElo "2585"]
[BlackElo "2742"]
[EventDate "2006.09.07"]

1. e4 g6 2. d4 Bg7 3. Nc3 d6 4. Be3 a6 5. f4 b5 6. Nf3 Bb7 7. Bd3 Nd7 8. e5
e6 9. Be4 Bxe4 10. Nxe4 Nb6 11. O-O Ne7 12. Qd3 Qd7 13. b3 Qc6 14. Rac1 Rd8
15. c4 bxc4 16. bxc4 O-O 17. Bf2 Qa4 18. Bh4 Rfe8 19. Nf6+ Bxf6 20. Bxf6
Nd7 21. Ng5 dxe5 22. fxe5 Nxf6 23. Rxf6 Nf5 24. d5 Re7 25. g4 Ng7 26. Qf3
Rf8 27. Rf1 Qd7 28. d6 cxd6 29. exd6 Qxd6 30. Rxf7 Rexf7 31. Nxf7 Qc5+ 32.
Kh1 Nf5 33. gxf5 Rxf7 34. f6 Qxc4 35. Kg2 Qd5 36. Qxd5 exd5 37. Kg3 Rd7 38.
Kf4 Kf7 39. Ke5 d4 40. Rd1 d3 41. Rd2 a5 42. a4 Rd8 43. h3 Rd7 44. h4 Rd8
45. Rb2 d2 46. Rb7+ Kf8 47. Rxh7 d1=Q 48. Rh8+ Kf7 49. Rh7+ Kg8 50. Rg7+
Kf8 0-1

[Event "World Blitz"]
[Site "Rishon Le Zion ISR"]
[Date "2006.09.07"]
[Round "9"]
[White "Roiz,M"]
[Black "Gurevich,D"]
[Result "1-0"]
[WhiteElo "2611"]
[BlackElo "2507"]
[EventDate "2006.09.07"]

1. Nf3 Nf6 2. g3 g6 3. Bg2 Bg7 4. O-O O-O 5. c4 c5 6. Nc3 Nc6 7. d4 d6 8.
e3 Bf5 9. b3 Ne4 10. Bb2 Nxc3 11. Bxc3 Be4 12. Qd2 cxd4 13. Nxd4 Bxg2 14.
Kxg2 Qc8 15. Rac1 b6 16. Ne2 Qb7 17. f3 Ne5 18. Qd5 Qa6 19. a4 Rfd8 20.
Rfd1 Rac8 21. e4 e6 22. Qd2 Qb7 23. Qb2 f5 24. Qb1 fxe4 25. Qxe4 Qxe4 26.
fxe4 Kf7 27. Nd4 Ke7 28. Nf3 a6 29. Bxe5 Bxe5 30. Nxe5 dxe5 31. Kf3 Rxd1
32. Rxd1 b5 33. axb5 axb5 34. Rc1 Rd8 35. Ke3 Rc8 36. c5 b4 37. Kd3 Rd8+
38. Kc4 Rd4+ 39. Kb5 Kd7 40. Rc4 Kc7 41. Rxb4 h5 42. Ra4 g5 43. Ra7+ Kb8
44. Rg7 Rxe4 45. Rxg5 h4 46. gxh4 Kc7 47. h5 Rh4 48. Rxe5 Kd7 49. b4 Rxh2
50. Kb6 Rh4 51. b5 Rh1 52. c6+ Kd6 53. Rg5 Rc1 54. Kb7 e5 55. h6 1-0

[Event "World Blitz"]
[Site "Rishon Le Zion ISR"]
[Date "2006.09.07"]
[Round "9"]
[White "Zoler,D"]
[Black "Gelfand,B"]
[Result "0-1"]
[WhiteElo "2455"]
[BlackElo "2729"]
[EventDate "2006.09.07"]

1. d4 Nf6 2. c4 e6 3. Nf3 c5 4. d5 d6 5. Nc3 exd5 6. cxd5 g6 7. g3 Bg7 8.
Bg2 O-O 9. O-O a6 10. a4 Nbd7 11. Nd2 Nh5 12. Nc4 Ne5 13. Na3 Re8 14. h3 f5
15. Kh2 Rb8 16. e4 fxe4 17. Nxe4 b5 18. axb5 axb5 19. Ng5 Nf6 20. f4 Nf7
21. Re1 Nxg5 22. fxg5 Nd7 23. Bf4 Rxe1 24. Qxe1 Ne5 25. Qe2 c4 26. Nc2 Nd3
27. Ra7 Bf5 28. Ne3 Nxf4 29. gxf4 Qe8 30. Qd2 Bd7 31. Ng4 Ra8 32. Rxa8 Qxa8
33. Nf6+ Bxf6 34. gxf6 Qd8 35. Qd4 Kf7 36. Qa7 Kxf6 37. h4 Qe7 38. Qb8 Kf7
39. Kg3 Qe1+ 40. Kf3 h5 41. f5 Bxf5 42. Qxd6 Be4+ 43. Kf4 Bxg2 44. Qc7+ Qe7
45. d6 Qxc7 46. dxc7 Bb7 0-1

[Event "World Blitz"]
[Site "Rishon Le Zion ISR"]
[Date "2006.09.07"]
[Round "10"]
[White "Anand,V"]
[Black "Livshits,G"]
[Result "1-0"]
[WhiteElo "2779"]
[BlackElo "2406"]
[EventDate "2006.09.07"]

1. e4 c5 2. Nf3 e6 3. d4 cxd4 4. Nxd4 a6 5. Bd3 g6 6. O-O Bg7 7. c3 Nc6 8.
Nxc6 bxc6 9. Be3 d6 10. Nd2 Ne7 11. Nc4 O-O 12. Bb6 Qd7 13. a4 Bb7 14. Be2
Nc8 15. Bd4 c5 16. Bxc5 Qc6 17. Bd4 e5 18. Be3 Qxe4 19. Bf3 Qxc4 20. Bxb7
Rb8 21. Bd5 Qc7 22. Ra2 Ne7 23. Bf3 d5 24. a5 d4 25. cxd4 exd4 26. Bxd4
Bxd4 27. Qxd4 Rfd8 28. Qc3 Qd6 29. h3 Nf5 30. Be2 Nd4 31. Bc4 Rdc8 32. Qd3
Rc6 33. b3 Rd8 34. Qe3 Nf5 35. Qe4 Rc5 36. Kh1 Re5 37. Qb7 Re7 38. Qxa6 Qf4
39. Qb6 Ng3+ 40. fxg3 1-0

[Event "World Blitz"]
[Site "Rishon Le Zion ISR"]
[Date "2006.09.07"]
[Round "10"]
[White "Gurevich,D"]
[Black "Zoler,D"]
[Result "1-0"]
[WhiteElo "2507"]
[BlackElo "2455"]
[EventDate "2006.09.07"]

1. d4 Nf6 2. c4 e6 3. g3 d5 4. Bg2 Bb4+ 5. Nd2 O-O 6. Ngf3 b6 7. O-O Bb7 8.
cxd5 exd5 9. Ne5 Nbd7 10. a3 Bd6 11. Ndc4 Be7 12. b4 Ne4 13. Nxd7 Qxd7 14.
Ne5 Qe6 15. Bb2 c6 16. Nd3 a5 17. bxa5 Rxa5 18. a4 Rfa8 19. Qc2 Bd6 20.
Rfd1 c5 21. dxc5 bxc5 22. e3 Bc6 23. Nb4 cxb4 24. Qxc6 Nxf2 25. Bxd5 Qxe3
26. Bd4 Nh3+ 27. Kg2 Nf4+ 28. gxf4 Qxf4 29. Bg1 b3 30. Qxd6 Qxd6 31. Bxf7+
Kxf7 32. Rxd6 Rxa4 33. Rxa4 Rxa4 34. Rb6 Ra2+ 35. Kh3 Ra1 36. Bd4 Rb1 37.
Rb7+ Ke6 38. Bxg7 Kd5 39. Bh8 h6 40. Rb6 h5 41. Rb5+ Kc4 42. Rxh5 Rd1 43.
Rg5 Rd8 44. Bb2 Kd3 45. Rg3+ Kc2 46. Rg2+ Kb1 47. Bg7 Rc8 48. Rb2+ Kc1 49.
Rxb3 Kd2 50. Rg3 Ke2 51. Kg2 Rc4 52. Be5 Re4 53. Rg5 Re3 54. Bf4 Re4 55.
Re5 Kd3 56. Rxe4 Kxe4 57. Kg3 1-0

[Event "World Blitz"]
[Site "Rishon Le Zion ISR"]
[Date "2006.09.07"]
[Round "10"]
[White "Svidler,P"]
[Black "Roiz,M"]
[Result "1-0"]
[WhiteElo "2742"]
[BlackElo "2611"]
[EventDate "2006.09.07"]

1. e4 e6 2. d4 d5 3. e5 c5 4. c3 Nc6 5. Nf3 Bd7 6. Be2 Rc8 7. O-O a6 8. g3
Nge7 9. Na3 cxd4 10. cxd4 Nf5 11. Nc2 Nb4 12. Nxb4 Bxb4 13. Qb3 Qb6 14. Bd2
a5 15. a3 Bc5 16. Qxb6 Bxb6 17. Bc3 O-O 18. Rac1 Ba4 19. Bd3 Ne7 20. b4 Nc6
21. bxa5 Nxa5 22. Bb4 Rfe8 23. Rb1 Nc4 24. Rfc1 Ba7 25. Bc5 b6 26. Bb4 b5
27. h4 Rc7 28. Kf1 Rec8 29. Ke2 h6 30. h5 Bb6 31. g4 Rc6 32. Rg1 f6 33.
exf6 gxf6 34. Rbc1 Nd6 35. Rxc6 Rxc6 36. Bxd6 Rxd6 37. Rb1 e5 38. Bxb5
Bxb5+ 39. Rxb5 e4 40. Nh4 Rc6 41. Nf5 Kf7 42. Rxd5 Bc7 43. Rc5 1-0

[Event "World Blitz"]
[Site "Rishon Le Zion ISR"]
[Date "2006.09.07"]
[Round "11"]
[White "Bacrot,E"]
[Black "Gurevich,D"]
[Result "0-1"]
[WhiteElo "2707"]
[BlackElo "2507"]
[EventDate "2006.09.07"]

1. d4 Nf6 2. c4 a6 3. Nc3 c5 4. d5 b5 5. Nf3 b4 6. Nb1 d6 7. Bg5 g6 8. Nbd2
Bg7 9. e4 h6 10. Bh4 O-O 11. h3 Nh5 12. g4 Nf4 13. Bg3 e5 14. Qc2 a5 15.
Nh4 Bf6 16. Ng2 Bg5 17. Ne3 a4 18. h4 Bf6 19. h5 Kg7 20. Bd3 b3 21. Qb1
bxa2 22. Rxa2 Na6 23. Rxa4 Bd7 24. Ra3 Nb4 25. Be2 Qc8 26. Rxa8 Qxa8 27.
Bxf4 exf4 28. Ng2 g5 29. O-O Rb8 30. Ne1 Qa4 31. b3 Qa5 32. Nd3 Nxd3 33.
Qxd3 Qc3 34. Rb1 Ra8 35. Qxc3 Bxc3 36. Nf3 Kf6 37. Kg2 Ra2 38. Bd3 Bxg4 39.
Rc1 Be5 40. Nxe5 Kxe5 41. Rc2 Rxc2 42. Bxc2 Bxh5 43. f3 Kd4 44. Kf2 f6 45.
Ke2 Bg6 46. Bd1 Kc3 47. Kf2 Kd4 48. Be2 f5 49. exf5 Bxf5 50. Bd1 Bd3 51.
Ke1 Ke3 52. b4 cxb4 53. c5 dxc5 54. d6 Bb5 55. Bb3 Kxf3 56. Be6 Ke4 57. Bc4
Bd7 58. Ke2 Ke5 59. Kf3 Kxd6 60. Ke4 Be6 61. Be2 c4 62. Kd4 c3 63. Bd1 Bf5
0-1

[Event "World Blitz"]
[Site "Rishon Le Zion ISR"]
[Date "2006.09.07"]
[Round "11"]
[White "Livshits,G"]
[Black "Gelfand,B"]
[Result "0-1"]
[WhiteElo "2406"]
[BlackElo "2729"]
[EventDate "2006.09.07"]

1. e4 c5 2. Nc3 d6 3. f4 g6 4. Nf3 Bg7 5. Bc4 Nc6 6. O-O Nf6 7. d3 O-O 8.
Qe1 e6 9. Bb3 Na5 10. Kh1 b6 11. Qh4 Nxb3 12. axb3 Nh5 13. Qxd8 Rxd8 14.
Nb5 a6 15. e5 Bf8 16. Nxd6 Bxd6 17. exd6 Rxd6 18. Ne5 Bb7 19. Bd2 Ng7 20.
b4 Nf5 21. bxc5 bxc5 22. Ra5 Rc8 23. Nc4 Rdd8 24. Bc3 Nd4 25. Rf2 Bd5 26.
Nb6 Rc6 27. Nxd5 Rxd5 28. Kg1 f5 29. g3 Kf7 30. Kg2 Rb6 31. b4 Rb5 32. bxc5
Rxa5 33. Bxa5 Rxc5 34. Bb6 Rd5 35. c4 Rd6 36. Bc5 Rd7 37. Ra2 Nb3 38. Bb6
Rxd3 39. Rxa6 Rd2+ 40. Kf3 Rxh2 41. Ra7+ Ke8 42. Ke3 Rg2 43. Kf3 Rc2 44.
Rc7 Rxc4 45. Rxh7 Rc3+ 46. Kf2 Nd2 47. Bd4 Ne4+ 48. Ke2 Rxg3 49. Be5 Rb3
50. Rg7 Rg3 51. Rh7 Nc5 52. Kf2 Rg4 53. Kf3 Nd3 54. Bf6 Nxf4 55. Re7+ Kf8
56. Ra7 Nd5 57. Be5 Re4 58. Bd6+ Ke8 59. Rg7 Rg4 60. Be5 Nb4 61. Bd6 Nc6
62. Rc7 Nd4+ 63. Kf2 Kd8 64. Be5 Re4 65. Rc5 g5 66. Bf6+ Kd7 67. Bxg5 e5
68. Ra5 Nc6 69. Rd5+ Ke6 70. Rc5 Nd4 71. Be3 f4 72. Bc1 Nb3 73. Rc6+ Kd5
74. Rc2 Nxc1 75. Rxc1 Re3 76. Ra1 Ke4 77. Ra4+ Kf5 78. Ra8 Rb3 0-1